Top 100 Boys' Names in England and Wales 1914 - Statistics

General Stats
  • This quiz has been taken 236 times
  • The average score is 56 of 100
Answer Stats
# First Letter Name % Correct
1 J John
100%
2 W William
99%
3 G George
97%
4 T Thomas
97%
5 J James
96%
9 C Charles
94%
11 E Edward
94%
16 H Henry
92%
10 R Robert
92%
47 F Fred
91%
19 H Harry
91%
26 R Richard
87%
32 D David
86%
42 P Peter
86%
39 M Michael
85%
8 A Albert
83%
6 A Arthur
81%
15 F Frank
81%
12 J Joseph
81%
67 A Andrew
79%
66 C Christopher
79%
18 H Harold
79%
93 P Paul
79%
7 F Frederick
77%
34 F Francis
76%
14 A Alfred
75%
30 J Jack
75%
36 S Samuel
75%
68 S Stephen
74%
59 D Daniel
73%
52 P Philip
73%
99 P Phillip
73%
85 M Matthew
71%
23 W Walter
71%
20 L Leonard
70%
38 P Patrick
70%
62 L Lawrence
67%
41 D Donald
66%
76 A Anthony
65%
21 R Ronald
65%
63 B Benjamin
63%
49 V Victor
63%
58 A Alan
61%
89 A Allan
61%
27 E Eric
60%
53 A Alexander
59%
80 E Edmund
58%
86 M Martin
57%
82 C Colin
56%
50 E Edwin
56%
33 K Kenneth
54%
13 E Ernest
53%
65 E Edgar
52%
79 L Louis
52%
51 R Raymond
52%
91 V Vincent
52%
22 S Stanley
48%
78 L Lewis
47%
25 H Herbert
46%
61 H Hugh
46%
81 L Lionel
45%
28 N Norman
45%
40 B Bernard
44%
54 G Gordon
43%
60 R Ralph
43%
57 D Douglas
42%
24 R Reginald
42%
17 L Leslie
41%
35 W Wilfred
40%
88 A Archibald
39%
64 R Roy
39%
44 P Percy
38%
70 G Gerald
36%
69 D Denis
35%
56 D Dennis
35%
48 M Maurice
35%
71 H Hubert
34%
46 C Cecil
33%
55 G Geoffrey
33%
31 S Sidney
33%
37 S Sydney
33%
74 T Tom
33%
43 H Horace
31%
95 H Howard
31%
29 C Cyril
30%
96 E Evan
30%
98 O Owen
29%
87 L Laurence
26%
75 A Arnold
24%
90 C Clarence
23%
83 R Roland
23%
94 P Percival
20%
72 G Gilbert
19%
45 C Clifford
17%
73 I Ivor
17%
100 T Trevor
17%
77 B Bertram
14%
84 A Alec
13%
97 C Claude
10%
92 B Basil
6%
No matching quizzes found
Score Distribution
Percent of People with Each Score
Percentile by Number Answered
Your Score History
You have not taken this quiz